The Law Reports: Chancery Division (Record no. 1801)

MARC details
000 -LEADER
fixed length control field 00494nam a22001577a 4500
005 - DATE AND TIME OF INPUT
control field 20240527080508.0
008 - DATA ELEMENTS--GENERAL INFORMATION
fixed length control field 240527b |||||||| |||| 00| 0 eng d
041 ## - LANGUAGE CODE
Language code of text English
082 ## - SHELF NUMBER
DDC number 349 LAW
100 ## - MAIN AUTHOR
Language of a work English
245 ## - TITLE STATEMENT
Title The Law Reports: Chancery Division
260 ## - PUBLICATION, DISTRIBUTION, ETC.
Place of publication, distribution, etc. London:
Name of publisher, distributor, etc. The Incorporated Council of Law Reporting for England and Wales,
Date of publication, distribution, etc. 1904
300 ## - PHYSICAL DESCRIPTION
Other physical details xxxi, 877 pages;
Dimensions 25 cm.
650 ## - SUBJECT`
Broad subject Legal practice
Own subject terms Law
942 ## - ADDED ENTRY ELEMENTS (KOHA)
Item type Books
942 ## - ADDED ENTRY ELEMENTS (KOHA)
-- ALISON_BN_VRIES
Holdings
Source of classification or shelving scheme Volume number (bound volume or other part) Not for loan Collection code Home library Current library Shelving location Date acquired Full call number Barcode Price effective from Koha item type
Dewey Decimal Classification Volume 1   ALL ENGLAND LAW REPORTS LAW SOCIETY OF NAMIBIA LIBRARY - WINDHOEK LAW SOCIETY OF NAMIBIA LIBRARY - WINDHOEK Chancery division (law reports) 05/27/2024 349 LAW LSN/2023/1930 05/27/2024 Books
Dewey Decimal Classification Volume 2   ALL ENGLAND LAW REPORTS LAW SOCIETY OF NAMIBIA LIBRARY - WINDHOEK LAW SOCIETY OF NAMIBIA LIBRARY - WINDHOEK Chancery division (law reports) 05/27/2024 349 LAW LSN/2023/1931 05/27/2024 Books